The school business manager's handbook (Record no. 85923)

MARC details
000 -LEADER
fixed length control field 00711 a2200229 4500
003 - CONTROL NUMBER IDENTIFIER
control field CBULib
005 - DATE AND TIME OF LATEST TRANSACTION
control field 20250123124521.0
008 - FIXED-LENGTH DATA ELEMENTS--GENERAL INFORMATION
fixed length control field 250123b |||||||| |||| 00| 0 eng d
020 ## - INTERNATIONAL STANDARD BOOK NUMBER
International Standard Book Number 9781911382720
040 ## - CATALOGING SOURCE
Language of cataloging English
Transcribing agency CBULib
Description conventions rda
050 ## - LIBRARY OF CONGRESS CALL NUMBER
Classification number LB 2823 Dun
100 ## - MAIN ENTRY--PERSONAL NAME
Personal name Dunn, Hayley
245 ## - TITLE STATEMENT
Title The school business manager's handbook
Statement of responsibility, etc / by Hayley Dunn
260 ## - PUBLICATION, DISTRIBUTION, ETC. (IMPRINT)
Name of publisher, distributor, etc John Catt,
Date of publication, distribution, etc 2018
Place of publication, distribution, etc Woodbridge :
300 ## - PHYSICAL DESCRIPTION
Extent 250 pages : illustrations
336 ## - CONTENT TYPE
Source rdacontent
Content type term Text |
Content type code txt
337 ## - MEDIA TYPE
Source rdamedia
Media type term Unmediated |
Media type code n
338 ## - CARRIER TYPE
Source rdacarrier
Carrier type term Volume
Carrier type code nc
500 ## - GENERAL NOTE
General note Includes bibliographical references.<br/>
650 #0 - SUBJECT ADDED ENTRY--TOPICAL TERM
9 (RLIN) 4261
Topical term or geographic name as entry element SCHOOL BUSINESS ADMNISTRATORS - GREAT BRITAIN
942 ## - ADDED ENTRY ELEMENTS (KOHA)
Source of classification or shelving scheme
Koha item type MONOGRAPH
Holdings
Withdrawn status Lost status Source of classification or shelving scheme Damaged status Not for loan Collection code Permanent Location Current Location Shelving location Date acquired Source of acquisition Cost, normal purchase price Full call number Barcode Date last seen Price effective from Koha item type
          Main Library Open Access Collection CBU-MAIN LIBRARY, KITWE. CBU-MAIN LIBRARY, KITWE. General Stacks 01/23/2025 BOOK AID INTERNATIONAL 30.91 LB 2823 Dun 753282 01/23/2025 01/23/2025 MONOGRAPH